Electronic principles (Record no. 24778)

MARC details
000 -LEADER
fixed length control field 00272nam a2200109Ia 4500
082 ## - DEWEY DECIMAL CLASSIFICATION NUMBER
Classification number 621.38
Item number MAL
100 ## - MAIN ENTRY--AUTHOR NAME
Personal name Malvino, A P
245 #0 - TITLE STATEMENT
Title Electronic principles
260 ## - PUBLICATION, DISTRIBUTION, ETC. (IMPRINT)
Place of publication New delhi
Name of publisher Tata McGraw Hill
Year of publication 1976
942 ## - ADDED ENTRY ELEMENTS (KOHA)
Koha item type Books
Holdings
Withdrawn status Lost status Damaged status Not for loan Home library Current library Date acquired Cost, normal purchase price Full call number Accession Number Koha item type
        RRII Library RRII Library 16/12/2021 33.00 621.38 MAL 05450 Books